000 00537nam a2200193Ia 4500
008 101110s9999 xx 000 0 und d
041 _aENGLISH
082 _bSR13102
_a428
100 _aDoctor Aspi
245 _aA course in Communication skill in English (2nd ed.)
365 _b20
520 _aCommerce
546 _aENGLISH
630 _aA course in Communication skill in English (2nd ed.)
650 _aCommerce
655 _aCommerce
730 _aA course in Communication skill in English (2nd ed.)
942 _cBOOK
999 _c807376
_d807373